000 00777nam a2200217 i 4500
001 bgj
100 1 _aMALCOLM, David.
245 1 0 _aPatterns and Literary Games in Peter Ackroyd's "Hawksmoor" /
_cDavid Malcolm.
260 _aGdańsk :
_bWydawnictwo Gdańskie,
_c1995.
300 _a53 pp ;
_c20 cm.
490 1 _aInterpratations of British literature / Andrzej Zgorzelski, red. nacz. ;
_v10
600 1 9 _aAckroyd Peter
_t"Hawskmoor"
650 9 _a[English literature
_xCriticism and interpretations
_y20th century]
830 0 _aInterpratations of British literature (Andrzej Zgorzelski, red. nacz.) ;
_v10
020 _a8385843434 (pbk)
040 _cBPK
041 0 _aeng
920 _a83-85843-43-4 (pbk)
942 _cKS
008 s uk f |000 0 eng
999 _c48124
_d48124